[Event "Corus Group B"]
[Site "Wijk aan Zee NED"]
[Date "2004.01.15"]
[EventDate "2004.01.10"]
[Round "5"]
[Result "1/2-1/2"]
[White "Hikaru Nakamura"]
[Black "Zhu Chen"]
[WhiteElo "2571"]
[BlackElo "2495"]
[PlyCount "363"]

1. d4 d5 2. c4 c6 3. Nc3 Nf6 4. Nf3 e6 5. e3 Nbd7 6. Qc2 Bd6
7. g4 Bb4 8. Bd2 Qe7 9. Rg1 Bxc3 10. Bxc3 Ne4 11. O-O-O O-O
12. Bd3 Nxc3 13. Qxc3 dxc4 14. Qxc4 e5 15. Bf5 exd4 16. Qxd4
Qc5+ 17. Kb1 Qxd4 18. Rxd4 Nb6 19. Bc2 g6 20. h3 f5 21. Rg3
Kg7 22. a4 c5 23. Rf4 Nd5 24. Rc4 fxg4 25. hxg4 b6 26. Re4 Bb7
27. Re5 Rae8 28. Rxe8 Rxe8 29. Nd2 Nb4 30. f4 Rd8 31. Kc1 a6
32. Bb1 Bc6 33. b3 Nd5 34. Ne4 Re8 35. f5 Re5 36. Kd2 h6
37. a5 Nb4 38. Nc3 bxa5 39. e4 Kf6 40. Rf3 Be8 41. Ne2 Kg5
42. Rf1 Bf7 43. Nf4 gxf5 44. gxf5 c4 45. Ng6 Rc5 46. Rg1+ Kf6
47. e5+ Rxe5 48. Nxe5 Kxe5 49. bxc4 Bxc4 50. Rh1 Bd5 51. Rxh6
Nc6 52. Rh5 Ne7 53. Kc3 Bf3 54. Rh3 Nd5+ 55. Kc4 Nb6+ 56. Kb3
Bd1+ 57. Kb2 Nd5 58. Rh1 Bg4 59. Re1+ Kf4 60. Re4+ Kg5 61. Re6
Kf4 62. Re4+ Kg5 63. Re5 Nb6 64. Kc3 a4 65. Re6 Nd5+ 66. Kd4
Nf4 67. Re5 Ne2+ 68. Kc5 a3 69. Kd6 Nd4 70. Ra5 Kf6 71. Rxa6
Bxf5 72. Ba2 Bd3 73. Ra8 Nf5+ 74. Kd5 Ne7+ 75. Kd4 Bf5
76. Ra6+ Kg5 77. Bc4 Ng6 78. Rxa3 Kf4 79. Bd5 Ne7 80. Bb7 Kg5
81. Rg3+ Kf6 82. Rf3 Ke6 83. Rf1 Kf6 84. Kc5 Kg5 85. Kd6 Ng6
86. Bc6 Kg4 87. Rg1+ Kf4 88. Rf1+ Kg5 89. Rg1+ Kf4 90. Be8 Nh4
91. Bh5 Nf3 92. Rg8 Be4 93. Rb8 Ke3 94. Rb4 Nd4 95. Ra4 Nf3
96. Kc5 Ne5 97. Ra1 Nf3 98. Kc4 Kf4 99. Kc3 Nh4 100. Kd2 Nf5
101. Bg6 Ke5 102. Ra4 Nd6 103. Bh5 Nf5 104. Bg4 Kf4 105. Bh3
Ke5 106. Ke2 Ne7 107. Ra6 Nd5 108. Kd2 Kd4 109. Ra5 Ke5
110. Bf1 Kd4 111. Ra4+ Ke5 112. Be2 Nf4 113. Bc4 Nd5 114. Ba2
Ne7 115. Ra6 Nd5 116. Rh6 Kd4 117. Bb3 Ke5 118. Rh4 Ne7
119. Bc4 Nf5 120. Rg4 Ne7 121. Bd3 Bxd3 122. Kxd3 Nf5 123. Ra4
Ng3 124. Ra8 Nf5 125. Ra4 Ng3 126. Rg4 Nf5 127. Re4+ Kd5
128. Re1 Nd6 129. Ra1 Ke5 130. Ra5+ Kf4 131. Rc5 Nf5 132. Rd5
Ng3 133. Ra5 Nf5 134. Kc4 Ke4 135. Ra4 Ke5 136. Kc5 Ng3
137. Ra5 Ne4+ 138. Kc6+ Kd4 139. Ra4+ Ke5 140. Ra5+ Kd4
141. Rh5 Nf6 142. Rh1 Ne4 143. Kd7 Ke5 144. Rh5+ Kd4 145. Ra5
Nc5+ 146. Kc7 Ne4 147. Kc6 Nf6 148. Rf5 Ne4 149. Rd5+ Kc4
150. Rd8 Nc3 151. Ra8 Kd4 152. Kd6 Nb5+ 153. Kd7 Nc3 154. Ke6
Kc4 155. Rc8+ Kd4 156. Rd8+ Ke4 157. Rh8 Kd4 158. Rh4+ Kc5
159. Rg4 Nb5 160. Rg8 Nd4+ 161. Ke5 Nc6+ 162. Ke4 Kd6 163. Rg5
Nb4 164. Rh5 Nc6 165. Rb5 Ne7 166. Ra5 Nc6 167. Rd5+ Ke6
168. Rd1 Ne7 169. Kd4 Nf5+ 170. Kc5 Ke5 171. Re1+ Kf4 172. Re8
Ne3 173. Kd4 Nf5+ 174. Kd3 Nd6 175. Re6 Nf5 176. Re4+ Kf3
177. Ra4 Ng3 178. Kd4 Kf4 179. Kd5+ Kf3 180. Ke5 Ke2 181. Kf4
Nf1 182. Ra3 1/2-1/2

[Event "Canarias en Red prel 1st"]
[Site "playchess.com INT"]
[Date "2004.05.03"]
[EventDate "?"]
[Round "6"]
[Result "0-1"]
[White "Hikaru Nakamura"]
[Black "Pablo Zarnicki"]
[WhiteElo "2571"]
[BlackElo "2513"]
[PlyCount "150"]

1. d4 Nf6 2. Bg5 e6 3. e4 h6 4. Bxf6 Qxf6 5. Nc3 Bb4 6. Qd2 d5 7. e5 Qe7 8. a3  Ba5 9. b4 Bb6 10. Na4 O-O 11. f4 Bd7 12. Nxb6 axb6 13. Nf3 c5 14. bxc5 bxc5 15.  Be2 cxd4 16. Nxd4 Rxa3 17. Rb1 Ra7 18. O-O f5 19. exf6 Qxf6 20. Qe3 Ra4 21. c3  Nc6 22. Bb5 Nxd4 23. Bxa4 Nf5 24. Qa7 Bxa4 25. Qxa4 Qxc3 26. Rxb7 Ne3 27. Rfb1  Ng4 28. h3 Qe3+ 29. Kh1 Nf2+ 30. Kh2 Ne4 31. Rf1 Rxf4 32. Qe8+ Kh7 33. Rxf4  Qxf4+ 34. Kg1 Nd6 35. Qxe6 Nxb7 36. Qxd5 Nd6 37. Qd3+ Ne4 38. Qb1 Qf2+ 39. Kh1  Qf5 40. Kg1 Qg6 41. Qe1 Ng5 42. Qc3 Qf6 43. Qd3+ Qg6 44. Qc3 Nf7 45. Qb3 Qf6  46. Qd3+ g6 47. Qd7 Kg7 48. Qa7 Qb2 49. Qe3 Qa1+ 50. Kf2 Qe5 51. Qb3 h5 52. Kg1  Nd6 53. Qa2 Nf5 54. Qa7+ Kf6 55. Qa8 h4 56. Qh8+ Ke6 57. Qe8+ Ne7 58. Qa4 Qf6  59. Qe4+ Kf7 60. Qc4+ Kg7 61. Qc7 Kh6 62. Qb8 Nf5 63. Qf4+ Qg5 64. Qb8 Qe3+ 65.  Kh1 Qe1+ 66. Kh2 Qg3+ 67. Qxg3 Nxg3 68. Kg1 Kg5 69. Kf2 Kf4 70. Kg1 Ne4 71. Kh2  g5 72. Kg1 Kg3 73. Kh1 Nf6 74. Kg1 Nh5 75. Kf1 Nf4 0-1

[Event "Canarias en Red prel 2nd"]
[Site "playchess.com INT"]
[Date "2004.05.04"]
[EventDate "?"]
[Round "5"]
[Result "1-0"]
[White "Hikaru Nakamura"]
[Black "Krishnan Sasikiran"]
[WhiteElo "2571"]
[BlackElo "2654"]
[PlyCount "136"]

1. d4 Nf6 2. c4 e6 3. Nc3 Bb4 4. Qc2 O-O 5. a3 Bxc3+ 6. Qxc3 b6 7. Bg5 Bb7 8.  e3 h6 9. Bh4 d6 10. Ne2 Nbd7 11. Qd3 Ba6 12. Nc3 d5 13. Qd1 Bxc4 14. Bxc4 dxc4  15. Qa4 c5 16. Qxc4 cxd4 17. Qxd4 Nc5 18. Qxd8 Rfxd8 19. Bxf6 gxf6 20. Ke2 f5  21. Rhd1 Kf8 22. Rxd8+ Rxd8 23. Rc1 Ke7 24. b4 Nd3 25. Rc2 Ne5 26. Nb5 Rd7 27.  Nd4 f4 28. exf4 Rxd4 29. fxe5 Re4+ 30. Kd3 Rxe5 31. Rc7+ Kf6 32. Rxa7 Re1 33.  b5 Ra1 34. a4 Ra2 35. Ke3 Ra3+ 36. Ke4 Ra2 37. Kf3 e5 38. Ra6 Kf5 39. g4+ Kg5  40. Kg3 Ra3+ 41. f3 f6 42. h4+ Kg6 43. h5+ Kf7 44. Ra7+ Ke6 45. Ra6 e4 46.  Rxb6+ Ke5 47. Ra6 Rxf3+ 48. Kg2 Rb3 49. g5 hxg5 50. h6 Rb2+ 51. Kh3 Rb1 52. Kg2  Rb2+ 53. Kf1 Rh2 54. b6 Rxh6 55. Kg1 Kd6 56. Ra8 Kc6 57. a5 Rh3 58. Rc8+ Kb7  59. Rc7+ Kb8 60. a6 Rg3+ 61. Kf2 Rf3+ 62. Ke2 Ra3 63. a7+ Ka8 64. Rc8+ Kb7 65.  Rb8+ Kc6 66. a8=Q+ Rxa8 67. Rxa8 Kxb6 68. Rf8 1-0

[Event "Canarias en Red prel 2nd"]
[Site "playchess.com INT"]
[Date "2004.05.04"]
[EventDate "?"]
[Round "10"]
[Result "1-0"]
[White "Hikaru Nakamura"]
[Black "Mikhail Vladimirovich Golubev"]
[WhiteElo "2710"]
[BlackElo "2487"]
[PlyCount "67"]

1.d4 Nf6 2.c4 g6 3.Nc3 Bg7 4.e4 d6 5.f3 O-O 6.Bg5 Nc6 7.Nge2
a6 8.Qd2 Rb8 9.Rc1 Bd7 10.b3 b5 11.cxb5 axb5 12.d5 Ne5 13.Nd4
b4 14.Ncb5 e6 15.dxe6 fxe6 16.Nxc7 Qe7 17.Be2 h6 18.Be3 Rbc8
19.O-O g5 20.Ncb5 Rxc1 21.Rxc1 g4 22.Qxb4 gxf3 23.Nxf3 Nfg4
24.Nxe5 Bxb5 25.Bxg4 Bxe5 26.Qxb5 Qh4 27.Bxe6+ Kh8 28.Bh3 Qxe4
29.Qe2 Bf4 30.Re1 Be5 31.Bxh6 Bd4+ 32.Be3 Be5 33.Qh5+ Kg7
34.Bh6+ 1-0

[Event "Canarias en Red final"]
[Site "playchess.com INT"]
[Date "2004.05.09"]
[EventDate "?"]
[Round "7"]
[Result "1-0"]
[White "Hikaru Nakamura"]
[Black "Krishnan Sasikiran"]
[WhiteElo "2571"]
[BlackElo "2654"]
[PlyCount "108"]

1. d4 Nf6 2. c4 e6 3. Nc3 Bb4 4. Qc2 O-O 5. a3 Bxc3+ 6. Qxc3 d6 7. Bg5 Nbd7 8.  e3 e5 9. Bd3 Re8 10. Ne2 h6 11. Bh4 Nf8 12. O-O-O e4 13. Bc2 Ng6 14. Bg3 b5 15.  d5 bxc4 16. Qxc4 Ne5 17. Bxe5 Rxe5 18. Nc3 Bf5 19. h3 Bg6 20. Rd4 Qe7 21. Rhd1  h5 22. R1d2 h4 23. Nb5 Rg5 24. Qxc7 Qxc7 25. Nxc7 Rc8 26. Nb5 Rxg2 27. Nxd6 Rc7  28. Nb5 Rd7 29. Nc3 Bf5 30. Nxe4 Rg1+ 31. Rd1 Rxd1+ 32. Kxd1 Nxe4 33. Bxe4 Bxh3  34. d6 g5 35. Bc6 Rd8 36. b4 Kg7 37. Ke2 Kf6 38. f4 g4 39. e4 g3 40. e5+ Kg7  41. f5 Bxf5 42. Rxh4 f6 43. Rf4 Kg6 44. exf6 Rxd6 45. Be4 Rxf6 46. Rg4+ Kh5 47.  Bxf5 g2 48. Rxg2 Rxf5 49. Rg7 a5 50. Kd3 axb4 51. axb4 Rf1 52. Kc4 Rf4+ 53. Kb5  Rf5+ 54. Ka4 1-0

[Event "US Open"]
[Site "Ft. Lauderdale, FL USA"]
[Date "2004.08.10"]
[EventDate "2004.08.07"]
[Round "4"]
[Result "1/2-1/2"]
[White "Gennadij Germanovich Sagalchik"]
[Black "Hikaru Nakamura"]
[WhiteElo "2487"]
[BlackElo "2601"]
[PlyCount "51"]

1. d4 Nf6 2. Nc3 d5 3. Bg5 e6 4. e4 Bb4 5. Nge2 dxe4 6. a3 Be7
7. Bxf6 gxf6 8. Nxe4 f5 9. N4c3 b6 10. Qd2 Bb7 11. O-O-O Nd7
12. d5 Nf6 13. Nf4 exd5 14. Nfxd5 Nxd5 15. Nxd5 Bg5 16. f4
Qxd5 17. Qxd5 Bxf4+ 18. Kb1 Bxd5 19. Rxd5 O-O 20. Rxf5 Bd6
21. Bc4 Rae8 22. Rhf1 Re7 23. Rg5+ Kh8 24. Rgf5 Kg7 25. Rg5+
Kh6 26. Rgf5 1/2-1/2

[Event "North American Open"]
[Site "Las Vegas, Nevada"]
[Date "2005.??.??"]
[EventDate "2005.??.??"]
[Round "7"]
[Result "1-0"]
[White "Hikaru Nakamura"]
[Black "Nikola Mitkov"]
[WhiteElo "2761"]
[BlackElo "2645"]
[PlyCount "97"]

1. e4 e5 2. Nf3 Nc6 3. d4 exd4 4. Nxd4 Qf6 5. Be3 Bc5 6. c3
Nge7 7. Bc4 O-O 8. O-O Ne5 9. Be2 Qg6 10. Nd2 d6 11. Bh5 Qf6
12. f4 N5c6 13. N2b3 Bb6 14. Qd3 Nxd4 15. cxd4 d5 16. e5 Qh6
17. Be2 Bf5 18. Qd2 Qe6 19. h3 Be4 20. Kh2 f5 21. a4 a5
22. Rfc1 Qc8 23. Nc5 Bxc5 24. Rxc5 b6 25. Rcc1 Qd7 26. Bb5 c6
27. Bf1 Rfb8 28. Ra3 h6 29. b4 axb4 30. Qxb4 Kh7 31. Bd2 Rb7
32. Qd6 Qe8 33. Qe6 b5 34. a5 b4 35. a6 Rb6 36. Rb3 Rab8
37. Qd6 Nc8 38. Qc5 Ra8 39. Ra1 Qg6 40. Bxb4 Rab8 41. Rg3 Qf7
42. Qf8 Qxf8 43. Bxf8 g5 44. fxg5 Rb1 45. a7 Ra8 46. Rxb1 Bxb1
47. g6+ Kg8 48. Bc5 f4 49. Rb3 1-0

[Event "Sigeman & Co"]
[Site "Malmo SWE"]
[Date "2005.04.21"]
[EventDate "2005.04.15"]
[Round "6"]
[Result "0-1"]
[White "Sune Berg Hansen"]
[Black "Hikaru Nakamura"]
[WhiteElo "2553"]
[BlackElo "2657"]
[PlyCount "68"]

1. e4 c5 2. Nf3 d6 3. d4 cxd4 4. Nxd4 Nf6 5. Nc3 a6 6. a4 e5
7. Nf3 Qc7 8. Bg5 Nbd7 9. Nd2 h6 10. Bh4 g5 11. Bg3 Nc5 12. a5
Be6 13. h4 Bg7 14. Ra3 Rd8 15. Qe2 d5 16. f3 d4 17. Nd1 Nh5
18. Qf2 Bf6 19. hxg5 Nxg3 20. Qxg3 Bxg5 21. Qh2 Ke7 22. Nc4 d3
23. cxd3 Bxc4 24. dxc4 Bd2+ 25. Ke2 Ne6 26. g3 Qxc4+ 27. Kf2
Qc5+ 28. Ne3 Bxe3+ 29. Rxe3 Rd2+ 30. Be2 Rxb2 31. Rd1 Rb3
32. Qh4+ f6 33. Rdd3 Rxd3 34. Bxd3 Qxa5 0-1

[Event "Champions Challenge 92nd"]
[Site "playchess.com INT"]
[Date "2005.04.30"]
[EventDate "?"]
[Round "5.1"]
[Result "1/2-1/2"]
[White "Hikaru Nakamura"]
[Black "Anton Filippov"]
[WhiteElo "2657"]
[BlackElo "2466"]
[PlyCount "57"]

1. e4 e5 2. Qh5 Nc6 3. Bc4 g6 4. Qf3 Nf6 5. Ne2 Bg7 6. d3 d6
7. h3 a6 8. Nbc3 Na5 9. Bg5 h6 10. Be3 Nxc4 11. dxc4 Be6
12. b3 O-O 13. a4 Nh7 14. g4 f5 15. gxf5 gxf5 16. exf5 Bxf5
17. Rg1 Bxc2 18. Qh5 Ng5 19. Bxg5 hxg5 20. Rxg5 Rf7 21. Kd2
Bh7 22. Rag1 Qf8 23. f4 Kh8 24. R1g4 Bh6 25. Rh4 Bxg5 26. fxg5
Rg7 27. g6 Qf6 28. gxh7 Rg5 29. Qh6 1/2-1/2

[Event "HB Global Chess Challenge"]
[Site "Minneapolis, MN USA"]
[Date "2005.05.18"]
[EventDate "2005.05.18"]
[Round "?"]
[Result "0-1"]
[White "Eugene Perelshteyn"]
[Black "Hikaru Nakamura"]
[WhiteElo "2579"]
[BlackElo "2662"]
[PlyCount "126"]

1.e4 d6 2.d4 f5 3.exf5 Bxf5 4.Bd3 Qd7 5.Qf3 Bxd3 6.Qxd3 e6
7.Nf3 Nc6 8.O-O O-O-O 9.c4 Nf6 10.Nc3 d5!? 11.c5 h6 12.b4! g5
13.b5 Na5! 14.Re1 Re8 15.Bd2 Nc4 16.Ne5 Qh7 17.Qe2 Nxe5
18.dxe5 Nd7 19.c6 Nb6 20.cxb7+ Kxb7 21.Be3 Bb4 22.Qb2?! Ba5!
23.Bd4 Nc4 24.Qe2 Rhf8 25.Red1 Bb6 26.Na4 Rf4 27.Nc5+ Kc8
28.Nb3 Qe4 29.Qxe4 Rxe4 30.a4 Bxd4 31.Nxd4 Nxe5 32.f3 Rf4
33.Ra2 Nc4 34.Nc6 a5 35.Re2 Rff8 36.Kf2 g4 37.Rd4 gxf3 38.gxf3
Kb7 39.Rxc4 dxc4 40.Nxa5+ Kb6 41.Nxc4+ Kc5 42.Ne5 Rf5 43.Re4
Ra8 44.Ke3 Rxa4! 45.Rxa4 Rxe5+ 46.Kf4 Rf5+ 47.Ke4 Kxb5 48.Ra7
Kc6 49.Ra6+ Kd7 50.Ra2 Rd5 51.Rg2 c5 52.Ra2 Ke7 53.Ra7+ Rd7
54.Ra8 Rd4+ 55.Ke5 Rd5+ 56.Ke4 Rh5 57.Ra7+ Kd6 58.Ra6+ Kd7
59.Ra7+ Kc6 60.Ra6+ Kb5 61.Rxe6 Rxh2 62.Kd3 h5 63.Re8 h4 0-1

[Event "Nakamura-Wirig m"]
[Site "playchess.com INT"]
[Date "2005.06.10"]
[EventDate "?"]
[Round "?"]
[Result "0-1"]
[White "Anthony Wirig"]
[Black "Hikaru Nakamura"]
[WhiteElo "2487"]
[BlackElo "2697"]
[PlyCount "74"]

1.d4 g6 2.e4 Bg7 3.Nc3 c5 4.dxc5 Na6 5.Be3 Qa5 6.Bd4 Nf6 7.e5
Nd5 8.Bxa6 bxa6 9.Qd2 Bb7 10.Nxd5 Qxd2+ 11.Kxd2 Bxd5 12.Nf3
O-O 13.c3 a5 14.b4 Rfb8 15.a3 a6 16.Kd3 Bc6 17.Rhb1 a4 18.c4
Rb7 19.Kc3 Rd8 20.Re1 Rc7 21.Re3 Rdc8 22.Nd2 Bxg2 23.f4 Bb7
24.h3 Rd8 25.Rae1 Bf8 26.Kb2 Rdc8 27.Rc1 Bc6 28.Nb1 Rb7 29.Nc3
d6 30.cxd6 exd6 31.e6 fxe6 32.Rxe6 Bd7 33.Re3 Rxc4 34.Nd5 Rxd4
35.Nf6+ Kf7 36.Nxh7 Bg7 37.Ng5+ Kg8 0-1

[Event "ACP Blitz"]
[Site "playchess.com INT"]
[Date "2006.??.??"]
[EventDate "?"]
[Round "?"]
[Result "1-0"]
[White "Hikaru Nakamura"]
[Black "Sergei Shipov"]
[WhiteElo "2640"]
[BlackElo "2591"]
[PlyCount "50"]

1.d4 d5 2.c4 dxc4 3.Nf3 e6 4.Nc3 a6 5.e4 b5 6.a4 b4 7.Ne2 Nf6 8.Ng3 Bb7 9.e5 Nfd7 10.Bxc4 c5 11.O-O Be7 12.Nh5 O-O 13.d5 Nb6 14.d6 Nxc4 15.dxe7 Qxe7 16.Bg5 Bxf3 17.Qc1 Qb7 18.Nf6+ Kh8 19.Qxc4 Nd7 20.Nxd7 Bd5 21.Nxc5 Bxc4 22.Nxb7 Bxf1 23.Kxf1 Rac8 24.Be7 Rg8 25.Nd6 1-0

[Event "ACP Blitz"]
[Site "playchess.com INT"]
[Date "2006.??.??"]
[EventDate "?"]
[Round "?"]
[Result "1-0"]
[White "Sergei Shipov"]
[Black "Hikaru Nakamura"]
[WhiteElo "2591"]
[BlackElo "2640"]
[PlyCount "76"]

1.d4 Nf6 2.c4 e6 3.Nc3 Bb4 4.Qc2 O-O 5.a3 Bxc3+ 6.Qxc3 h6 7.Nf3 a5 8.b4 b5 9.cxb5 Nd5 10.Qc2 axb4 11.e4 Nb6 12.a4 c6 13.Bf4 cxb5 14.Bc7 b3 15.Bxd8 bxc2 16.Bxb6 Rxa4 17.Rc1 b4 18.Rxc2 Ra1+ 19.Kd2 b3 20.Rb2 Ba6 21.Bxa6 Rxh1 22.Bd3 Nc6 23.Rxb3 Rb8 24.Rb5 g5 25.h3 Ra1 26.Bc5 Ra2+ 27.Ke3 Rd8 28.Bd6 f6 29.h4 g4 30.Nh2 g3 31.Bxg3 d6 32.Ng4 Kg7 33.Rb7+ Kg6 34.Bxd6 Nxd4 35.h5+ Kxh5 36.Rg7 f5 37.Nf6+ Kh4 38.Bg3# 1-0

[Event "ACP Blitz"]
[Site "playchess.com INT"]
[Date "2006.??.??"]
[EventDate "?"]
[Round "?"]
[Result "1/2-1/2"]
[White "Hikaru Nakamura"]
[Black "Vitali Golod"]
[WhiteElo "2640"]
[BlackElo "2582"]
[PlyCount "140"]

1.e4 c5 2.Nf3 Nc6 3.Bb5 e6 4.O-O Nge7 5.b3 a6 6.Bxc6 Nxc6 7.Bb2 d6 8.d4 cxd4 9.Nxd4 Qf6 10.c4 Bd7 11.Qd2 Qg6 12.Nc3 Be7 13.f4 Nxd4 14.Qxd4 Bc6 15.Rf2 Bf6 16.Qd2 O-O 17.Re1 Rad8 18.Qe3 b5 19.cxb5 axb5 20.b4 d5 21.f5 d4 22.Qe2 exf5 23.exf5 Qg5 24.Bc1 Qh4 25.Rf4 d3 26.Qd2 Bd4+ 27.Kh1 Qf6 28.Nd1 Rfe8 29.h3 Rxe1+ 30.Qxe1 Bxg2+ 31.Kxg2 Qc6+ 32.Kg3 Qxc1 33.Rxd4 Qc7+ 34.Rf4 d2 35.Qe3 g5 36.fxg6 hxg6 37.Kf2 Qc6 38.Qf3 Qb6+ 39.Kg2 Qe6 40.Re4 Qxa2 41.h4 Qd5 42.h5 gxh5 43.Rf4 Qe5 44.Rxf7 Qg5+ 45.Kh3 Qg4+ 46.Kh2 Qh4+ 47.Kg2 Qg5+ 48.Kf1 Qg6 49.Rf5 Rd7 50.Rf4 Rg7 51.Qd5+ Kh7 52.Qf5 Qxf5 53.Rxf5 Rc7 54.Rd5 Rc4 55.Rxb5 Re4 56.Kf2 Re1 57.Ne3 d1=Q 58.Nxd1 Rxd1 59.Rxh5+ Kg6 60.Rc5 Kf6 61.Ke2 Rb1 62.b5 Ke6 63.Kd3 Kd6 64.Rh5 Kc7 65.Kc4 Kb6 66.Rh6+ Kb7 67.Kc5 Rc1+ 68.Kb4 Rb1+ 69.Kc5 Rc1+ 70.Kb4 1/2-1/2

[Event "ACP Blitz"]
[Site "playchess.com INT"]
[Date "2006.??.??"]
[EventDate "?"]
[Round "?"]
[Result "1-0"]
[White "Hikaru Nakamura"]
[Black "Vitali Golod"]
[WhiteElo "2640"]
[BlackElo "2582"]
[PlyCount "78"]

1.d4 Nf6 2.Nf3 e6 3.c4 d5 4.g3 Bb4+ 5.Nbd2 dxc4 6.Bg2 a5 7.O-O b5 8.a4 c6 9.Qc2 O-O 10.Rd1 Ra6 11.b3 cxb3 12.Nxb3 Nbd7 13.Ne5 Nxe5 14.dxe5 Nd7 15.Bxc6 bxa4 16.Bxa4 Qe7 17.Bb2 Nb6 18.Bb5 Ra7 19.Nd4 Bd7 20.Bxd7 Rxd7 21.Nc6 Rxd1+ 22.Rxd1 Qc7 23.Nxb4 Nc4 24.Rc1 Rc8 25.Nd3 Qc6 26.Ba1 Qd7 27.h4 h6 28.Nf4 a4 29.Qd3 Qb5 30.Rb1 Qc6 31.Qf3 Qxf3 32.exf3 a3 33.Rc1 Rb8 34.Rxc4 Rb1+ 35.Kg2 Rxa1 36.Rc8+ Kh7 37.Ra8 a2 38.h5 f6 39.Ng6 1-0

[Event "ACP Blitz"]
[Site "playchess.com INT"]
[Date "2006.??.??"]
[EventDate "?"]
[Round "?"]
[Result "0-1"]
[White "Vitali Golod"]
[Black "Hikaru Nakamura"]
[WhiteElo "2582"]
[BlackElo "2640"]
[PlyCount "72"]

1.d4 f5 2.c4 Nf6 3.Nf3 g6 4.g3 Bg7 5.Bg2 O-O 6.O-O d6 7.Nc3 Nc6 8.d5 Ne5 9.Nxe5 dxe5 10.Qb3 h6 11.Rd1 g5 12.c5 Kh8 13.Qc4 f4 14.b4 Qe8 15.Ne4 Qh5 16.Bb2 Nxe4 17.Bxe4 Bg4 18.f3 fxg3 19.hxg3 Qh3 20.Kf2 Qh2+ 21.Ke3 Qxg3 22.Rg1 Qf4+ 23.Kd3 Bd7 24.Bc1 Qf6 25.a4 c6 26.Kc2 cxd5 27.Qxd5 Bc6 28.Qc4 Bxe4+ 29.Qxe4 Rad8 30.Be3 Qe6 31.Kb2 Rf4 32.Bxf4 exf4+ 33.Kc2 Qf6 34.Ra2 Qc3+ 35.Kb1 Qb3+ 36.Kc1 Qxa2 0-1

[Event "ACP Blitz"]
[Site "playchess.com INT"]
[Date "2006.??.??"]
[EventDate "?"]
[Round "?"]
[Result "0-1"]
[White "Vitali Golod"]
[Black "Hikaru Nakamura"]
[WhiteElo "2582"]
[BlackElo "2640"]
[PlyCount "66"]

1.d4 Nf6 2.c4 c6 3.Nc3 d5 4.Nf3 a6 5.c5 Bf5 6.Bf4 Nbd7 7.h3 h6 8.e3 e6 9.Be2 Be7 10.O-O O-O 11.Nd2 Qc8 12.b4 Bd8 13.Nb3 Re8 14.Bd6 e5 15.a4 Bc7 16.Bxc7 Qxc7 17.b5 exd4 18.b6 Qc8 19.exd4 Nf8 20.Re1 Ng6 21.Bf1 Ne4 22.Nxe4 dxe4 23.d5 cxd5 24.Qxd5 Re5 25.Qd4 Qe6 26.Na5 Bxh3 27.gxh3 Nh4 28.Ra3 Qf6 29.Rg3 Nf3+ 30.Rxf3 Rg5+ 31.Kh2 Qxd4 32.Rf4 Qe5 33.Rexe4 Qa1 0-1

[Event "US Championship 2006"]
[Site "San Diego, CA USA"]
[Date "2006.03.02"]
[EventDate "2006.??.??"]
[Round "1"]
[Result "0-1"]
[White "Hikaru Nakamura"]
[Black "Joshua E Friedel"]
[WhiteElo "2774"]
[BlackElo "2513"]
[PlyCount "96"]

1. Nf3 d5 2. c4 c6 3. e3 e6 4. Qc2 Bd6 5. Nc3 f5 6. h3 Nf6
7. g4 O-O 8. gxf5 exf5 9. b3 Qe7 10. Bb2 Na6 11. Rg1 Bd7
12. cxd5 Nb4 13. Qb1 cxd5 14. a3 Nc6 15. Nxd5 Nxd5 16. Bc4 Be6
17. Rxg7+ Qxg7 18. Bxg7 Kxg7 19. Qb2+ Rf6 20. O-O-O h6 21. d3
Kf7 22. e4 fxe4 23. dxe4 Rxf3 24. exd5 Bf4+ 25. Kb1 Bf5+
26. Ka2 Ne5 27. d6+ Kg6 28. Be2 Rxh3 29. Qd4 Rf8 30. Bb5 Be6
31. Qe4+ Kh5 32. Be2+ Kh4 33. d7 Bxd7 34. Rxd7 Nxd7 35. Qe7+
Bg5 36. Qxd7 Rf4 37. f3 Rh2 38. Qd3 Kg3 39. b4 Rf2 40. Kb1 Kg2
41. Bd1 Bh4 42. Qg6+ Bg3 43. Bc2 h5 44. Qxh5 Rc4 45. Be4 Rd4
46. f4+ Rxe4 47. Qd5 Rfe2 48. Qxb7 Kg1 0-1

[Event "US Championship 2006"]
[Site "San Diego, CA USA"]
[Date "2006.03.05"]
[EventDate "2006.??.??"]
[Round "3"]
[Result "1-0"]
[White "Camilla Baginskaite"]
[Black "Hikaru Nakamura"]
[WhiteElo "2299"]
[BlackElo "2644"]
[PlyCount "121"]

1. d4 d5 2. c4 e6 3. Nc3 c5 4. cxd5 cxd4 5. Qa4+ b5 6. Nxb5
Bd7 7. d6 Bxb5 8. Qxb5+ Nd7 9. Nf3 Bxd6 10. g3 Ngf6 11. Bg2
Rb8 12. Qa4 e5 13. O-O O-O 14. Qxa7 Ra8 15. Qb7 Nc5 16. Qb5
Qc7 17. Nd2 Rfb8 18. Qc4 Ra4 19. Qc2 Qe7 20. b3 Ra6 21. Bb2
Qa7 22. a3 h5 23. Rac1 h4 24. b4 Na4 25. Ba1 Nb6 26. Bb2 Na4
27. Ba1 Qd7 28. Ne4 Nxe4 29. Qxe4 h3 30. Bf3 Nb6 31. Bg4 Qe7
32. Bb2 Na4 33. Ba1 Nb6 34. e3 Rxa3 35. exd4 Ra4 36. dxe5 Bxb4
37. e6 Bc3 38. exf7+ Qxf7 39. Qe6 Bxa1 40. Rxa1 Rxa1 41. Rxa1
Nd5 42. Bxh3 Nf6 43. Ra7 Qxe6 44. Bxe6+ Kh8 45. h4 Rb6 46. Bf5
Rb8 47. Kg2 Rf8 48. Bg6 Ng4 49. f4 Kg8 50. h5 Kh8 51. Kh3 Nf6
52. Kh4 Rd8 53. g4 Rf8 54. Kg5 Ng8 55. Bf5 Nh6 56. Be6 Kh7
57. f5 Kh8 58. Kf4 Re8 59. g5 Ng8 60. Ke5 Ne7 61. Rc7 1-0

[Event "Casual Blitz, US Champ."]
[Site "San Diego, California"]
[Date "2006.03.12"]
[EventDate "?"]
[Round "?"]
[Result "1-0"]
[White "Hikaru Nakamura"]
[Black "Maxim Dlugy"]
[WhiteElo "2644"]
[BlackElo "2531"]
[PlyCount "69"]

1.e4 c6 2.Nf3 d5 3.d3 dxe4 4.dxe4 Qxd1+ 5.Kxd1 Bg4 6.Be2 Nd7
7.Nfd2 Bxe2+ 8.Kxe2 e5 9.c3 Ngf6 10.f3 Bc5 11.Nc4 Ke7 12.Bg5
b5 13.Ne3 h6 14.Nf5+ Kf8 15.Bh4 g6 16.Ne3 Bxe3 17.Kxe3 Ke7
18.Nd2 Ke6 19.Nb3 a5 20.a4 Rhb8 21.axb5 Rxb5 22.Ra3 a4 23.Rha1
Rab8 24.Nd2 Rxb2 25.Rxa4 Rc2 26.Rc4 Rb6 27.Kd3 Rcb2 28.Ra7 g5
29.Bf2 Rb7 30.Rxc6 Ke7 31.Raa6 Nh5 32.g3 Nf8 33.Bc5+ Ke8
34.Rc8+ Kd7 35.Rxf8 1-0

[Event "VII Dos Hermanas Internet"]
[Site "ICC INT"]
[Date "2006.03.24"]
[EventDate "2006.03.24"]
[Round "1.1"]
[Result "0-1"]
[White "Rajaram R Laxman"]
[Black "Hikaru Nakamura"]
[WhiteElo "2418"]
[BlackElo "2644"]
[PlyCount "74"]

1. Nf3 Nf6 2. c4 c6 3. Nc3 d5 4. cxd5 cxd5 5. d4 a6 6. Bf4 Nc6
7. e3 Bg4 8. Be2 Bxf3 9. Bxf3 e6 10. O-O Bd6 11. Bg5 h6
12. Bh4 g5 13. Bg3 h5 14. Bxd6 Qxd6 15. e4 g4 16. e5 Qb4
17. Be2 Nd7 18. f3 gxf3 19. Bxf3 Qxd4+ 20. Qxd4 Nxd4 21. Rae1
Nc6 22. Bxd5 exd5 23. e6 fxe6 24. Rxe6+ Kd8 25. Nxd5 Rc8
26. Rd6 Nce5 27. Nf4 Rc6 28. Rd5 Kc8 29. h3 Nc4 30. Rf2 Ne3
31. Rd3 Rc1+ 32. Kh2 Re8 33. Kg3 Nf5+ 34. Kh2 Ne3 35. Kg3 Nc5
36. Rxe3 Rxe3+ 37. Kh4 Ne4 0-1

[Event "37th Chess Olympiad"]
[Site "Turin ITA"]
[Date "2006.06.03"]
[EventDate "2006.05.21"]
[Round "12"]
[Result "0-1"]
[White "Emil Davidovich Sutovsky"]
[Black "Hikaru Nakamura"]
[WhiteElo "2628"]
[BlackElo "2664"]
[PlyCount "84"]

1. e4 e6 2. d4 d5 3. Nc3 Nf6 4. Bg5 Bb4 5. e5 h6 6. Bd2 Bxc3
7. bxc3 Ne4 8. Qg4 g6 9. Be3 Nxc3 10. Bd3 Nc6 11. Nf3 Bd7
12. Qh3 Qe7 13. Bg5 Qa3 14. O-O Ne4 15. Bc1 Qc3 16. Rb1 O-O-O
17. Rb3 Qa5 18. c3 a6 19. Ra3 Qb6 20. Be3 Qb2 21. Bc1 Qb6
22. Be3 f5 23. exf6 e5 24. dxe5 Qb2 25. Bc1 Qxa3 26. Bxa3 Bxh3
27. gxh3 Kd7 28. c4 Ng5 29. Nxg5 hxg5 30. Re1 Ke6 31. cxd5+
Rxd5 32. Bc4 Rhd8 33. h4 g4 34. h3 gxh3 35. f4 b5 36. Bxd5+
Rxd5 37. Rc1 Nd4 38. Rxc7 Nf3+ 39. Kf2 h2 40. Rc6+ Kf5 41. f7
h1=Q 42. f8=Q Ke4 0-1

[Event "National Open"]
[Site "Las Vegas, NV USA"]
[Date "2007.06.09"]
[EventDate "2007.06.08"]
[Round "3"]
[Result "0-1"]
[White "Bosko Abramovic"]
[Black "Hikaru Nakamura"]
[WhiteElo "2509"]
[BlackElo "2658"]
[PlyCount "108"]

1. c4 Nf6 2. Nc3 g6 3. g3 d5 4. cxd5 Nxd5 5. Bg2 Nb6 6. h4 h6
7. d3 Bg7 8. Be3 N8d7 9. Qd2 Nf6 10. Rc1 c6 11. Nf3 Ng4
12. Bc5 O-O 13. Nh2 Nxh2 14. Rxh2 f5 15. Be3 Kh7 16. f4 h5
17. Bf3 Nd7 18. d4 Nb6 19. b3 Be6 20. Bg1 Nd5 21. Nxd5 Bxd5
22. Bxd5 Qxd5 23. Rc5 Qe6 24. Rf2 Rad8 25. Rf3 Rd6 26. Re3 Qd7
27. Rd3 Rd8 28. Rc4 Qe6 29. Kf1 Qd5 30. Qe3 Re6 31. Qf3 Re4
32. Bf2 b6 33. a4 Rd6 34. Rc2 Qe6 35. Kg2 Qd7 36. Rdc3 Rde6
37. Rc4 Qd5 38. Kf1 Qd7 39. Kg2 Rd6 40. Bg1 a6 41. Bf2 b5
42. Rc5 Bxd4 43. Bxd4 Rdxd4 44. Rxc6 Rd2 45. axb5 axb5
46. R6c5 Qd4 47. Rxd2 Qxd2 48. Re5 Rxe5 49. fxe5 Qd4 50. Qf4
Qd5+ 51. Kf2 Qxb3 52. Qd4 Qc4 53. Qa7 Qb4 54. Qb6 f4 0-1